| 000 | 01780cam a22002775a 4500 | ||
|---|---|---|---|
| 001 | L145991 | ||
| 008 | 081128s2008 xxk f g 000 0 eng d | ||
| 020 | _a9781847035363 | ||
| 035 | _a(Sirsi) u145991 | ||
| 041 | 0 | _aeng | |
| 050 | 0 | 4 | _a346.4104342 $2 18 |
| 100 | 1 | _aWebber, Gary | |
| 245 | 0 | 0 | _aResidential possession proceedings |
| 250 | _a8th ed. | ||
| 260 |
_aLondon _bThomson Reuters (Legal) Ltd _c2008 |
||
| 300 |
_alxxvi, 680p. _c24cm. |
||
| 350 | _a95.00 | ||
| 505 | 2 | _aTermination and the right to possession: has a tenancy been created?; forfeiture; other methods of termination; leases, assignment, sub-letting, bankruptcy and death; licence agreements -- Termination and the right to possession, particular cases: assured tenancies; assured shorthold tenancies; regulated tenancies; restricted contracts; secure tenancies; introductory tenancies; demoted tenancies; social housing; shared accommodation and resident landlords; projected shortholds; long tenancies at low rent; employees, premises with a business use and company lets; agricultural accommodation; student accommodation, holiday accommodation, board and attendance; mobile homes; miscellaneous | |
| 505 | 2 | _aThe proceedings for possession: the necessity for possession proceedings; human rights and discrimination; standard procedure; accelerated procedure; evidence; rent cases; anti-social behaviour; other grounds for possession; trespassers; mortgage possession proceedings; enforcement, suspension and setting aside; unlawful eviction and harassment, the occupier's remedies -- Appendices | |
| 521 | _aAdvanced | ||
| 590 | _aKA | ||
| 651 | 4 |
_aUnited Kingdom _y |
|
| 690 | _aPROPERTY-RESIDENTIAL PROPERTY-RESIDENTIAL LANDLORD AND TENANT | ||
| 700 | 1 | _aDovar, Daniel | |
| 942 | _n0 | ||
| 999 |
_c109008 _d109008 |
||